US-Gericht hebt Beschränkungen für Abtreibungen auf

Mit einer landesweit gültigen Einstweiligen Verfügung hat ein US-Bundesgericht in Yakima (Bundesstaat Washington) von Präsident Donald Trump erlassene Beschränkungen für Abtreibungen aufgehoben

Saved in:  
Bibliographic Details
Format: Print Article
Language:German
Check availability: HBZ Gateway
Interlibrary Loan:Interlibrary Loan for the Fachinformationsdienste (Specialized Information Services in Germany)
Published: 2019
In: Vatikan, Ausland, EU
Year: 2019, Volume: 81, Pages: 19
IxTheo Classification:SB Catholic Church law
Further subjects:B Usa
B Holy See (motif) Codex iuris canonici 1983. can. 1398
B Abortion
B Court

MARC

LEADER 00000caa a22000002c 4500
001 1763679519
003 DE-627
005 20220510163138.0
007 tu
008 210719s2019 xx ||||| 00| ||ger c
035 |a (DE-627)1763679519 
035 |a (DE-599)KXP1763679519 
040 |a DE-627  |b ger  |c DE-627  |e rakwb 
041 |a ger 
084 |a 1  |2 ssgn 
245 0 0 |a US-Gericht hebt Beschränkungen für Abtreibungen auf 
264 1 |c 2019 
336 |a Text  |b txt  |2 rdacontent 
337 |a ohne Hilfsmittel zu benutzen  |b n  |2 rdamedia 
338 |a Band  |b nc  |2 rdacarrier 
520 |a Mit einer landesweit gültigen Einstweiligen Verfügung hat ein US-Bundesgericht in Yakima (Bundesstaat Washington) von Präsident Donald Trump erlassene Beschränkungen für Abtreibungen aufgehoben 
601 |a Beschränkung 
610 2 7 |0 (DE-588)1126983799  |0 (DE-627)881382493  |0 (DE-576)444576681  |a Katholische Kirche  |t Codex iuris canonici  |f 1983  |p can. 1398  |2 gnd 
650 0 7 |0 (DE-588)4053732-8  |0 (DE-627)106165755  |0 (DE-576)209105348  |a Schwangerschaftsabbruch  |2 gnd 
650 0 7 |0 (DE-588)4121346-4  |0 (DE-627)105770124  |0 (DE-576)209542543  |a Gericht  |2 gnd 
651 7 |0 (DE-588)4078704-7  |0 (DE-627)106076612  |0 (DE-576)209209682  |a Usa  |2 gnd 
652 |a SB 
773 0 8 |i Enthalten in  |t Vatikan, Ausland, EU  |d Bonn : KNA, 2007  |g 81(2019), Seite 19  |w (DE-627)584012802  |w (DE-600)2459454-4  |w (DE-576)474194167  |7 nnas 
773 1 8 |g volume:81  |g year:2019  |g pages:19 
935 |a DAKR 
951 |a AR 
CAL |a 213980000_213989999 
CAN |a 1 
ELC |b 1 
LOK |0 000 xxxxxcx a22 zn 4500 
LOK |0 001 3955976785 
LOK |0 003 DE-627 
LOK |0 004 1763679519 
LOK |0 005 20210719145240 
LOK |0 008 210719||||||||||||||||ger||||||| 
LOK |0 035   |a (DE-Tue135-3)DAKAR2_2733 
LOK |0 040   |a DE-Tue135-3  |c DE-627  |d DE-Tue135-3 
LOK |0 092   |o n 
LOK |0 852   |a DE-Tue135-3 
LOK |0 852 1  |9 00 
LOK |0 935   |a msmi 
LOK |0 936ln  |0 1442053313  |a SB 
LOK |0 939   |a 19-07-21  |b l01 
ORI |a SA-MARC-ixtheoa001.raw 
STA 0 0 |a Abortion,Abortion,Pregnancy termination,Court,Court 
STB 0 0 |a Interruption volontaire de grossesse,Interruption volontaire de grossesse,Avortement,IVG,Avortement,IVG,Avortement (motif),IVG,Avortement,IVG,Tribunal,Tribunal 
STC 0 0 |a Aborto,Aborto,Tribunal,Tribunal,Corte,Corte,Juicio (Motivo),Juicio 
STD 0 0 |a Interruzione volontaria di gravidanza <motivo>,Interruzione volontaria di gravidanza,Aborto volontario,Aborto volontario,Aborto volontario (motivo),Aborto volontario,Tribunale,Tribunale 
STE 0 0 |a 堕胎,堕胎,终止妊娠,人工流产,终止妊娠,人工流产,法院,法庭 
STF 0 0 |a 墮胎,墮胎,終止妊娠,人工流產,終止妊娠,人工流產,法院,法庭 
STG 0 0 |a Aborto,Aborto,Tribunal,Tribunal,Foro,Corte,Foro,Corte,Juízo (Motivo),Juízo 
STH 0 0 |a Прекращение беременности (мотив),Прекращение беременности,Суд (мотив),Суд 
STI 0 0 |a Άμβλωση <μοτίβο>,Άμβλωση,Έκτρωση,Έκτρωση (μοτίβο),Δικαστήριο (μοτίβο),Δικαστήριο 
SUB |a CAN 
SYE 0 0 |a Abortus artificialis,Interruptio graviditatis,Abruptio graviditatis,Schwangerschaft,Schwangerschaftsunterbrechung,Abtreibung